The Constitutional of The United States of America / (Record no. 613058)
[ view plain ]
| 000 -LEADER | |
|---|---|
| fixed length control field | 00387nam a22001337a 4500 |
| 082 ## - DEWEY DECIMAL CLASSIFICATION NUMBER | |
| Classification number | 342.7302 |
| Author Mark | NYA |
| 100 ## - MAIN ENTRY--PERSONAL NAME | |
| Personal name | Nyazee, Imran Ahsan Khan |
| 245 ## - TITLE STATEMENT | |
| Title | The Constitutional of The United States of America / |
| Statement of responsibility, etc. | Imran Ahsan Khan Nyazee |
| 260 ## - PUBLICATION, DISTRIBUTION, ETC. | |
| Place of publication, distribution, etc. | Islamabad : |
| Name of publisher, distributor, etc. | Advanced Legal Studies Institute, |
| Date of publication, distribution, etc. | 2017. |
| 300 ## - PHYSICAL DESCRIPTION | |
| Extent | 267p. ; |
| 563 ## - BINDING INFORMATION | |
| Binding note | PB |
| 650 ## - SUBJECT ADDED ENTRY--TOPICAL TERM | |
| Topical term or geographic name entry element | Law |
| 942 ## - ADDED ENTRY ELEMENTS (KOHA) | |
| Source of classification or shelving scheme | |
| Koha item type | Book |
| 650 ## - SUBJECT ADDED ENTRY--TOPICAL TERM | |
| -- | 35302 |
| Withdrawn status | Lost status | Source of classification or shelving scheme | Damaged status | Not for loan | Permanent Location | Current Location | Date acquired | Total Checkouts | Full call number | Barcode | Date last seen | Price effective from | Koha item type | Date last checked out | Checked out |
|---|---|---|---|---|---|---|---|---|---|---|---|---|---|---|---|
| NUST Law School (NLS) | NUST Law School (NLS) | 03/03/2025 | 342.7302 NYA | NLS-684 | 03/03/2025 | 03/03/2025 | Book | ||||||||
| NUST Law School (NLS) | NUST Law School (NLS) | 03/03/2025 | 342.7302 NYA | NLS-685 | 03/03/2025 | 03/03/2025 | Book | ||||||||
| NUST Law School (NLS) | NUST Law School (NLS) | 03/03/2025 | 342.7302 NYA | NLS-686 | 03/03/2025 | 03/03/2025 | Book | ||||||||
| NUST Law School (NLS) | NUST Law School (NLS) | 03/03/2025 | 342.7302 NYA | NLS-687 | 03/03/2025 | 03/03/2025 | Book | ||||||||
| NUST Law School (NLS) | NUST Law School (NLS) | 06/28/2025 | 1 | 342.7302 NYA | NLS-2696 | 01/26/2026 | 06/28/2025 | Book | 01/20/2026 | ||||||
| NUST Law School (NLS) | NUST Law School (NLS) | 06/28/2025 | 2 | 342.7302 NYA | NLS-2697 | 01/26/2026 | 06/28/2025 | Book | 01/26/2026 | 02/25/2026 | |||||
| NUST Law School (NLS) | NUST Law School (NLS) | 06/28/2025 | 342.7302 NYA | NLS-2698 | 06/28/2025 | 06/28/2025 | Book | ||||||||
| NUST Law School (NLS) | NUST Law School (NLS) | 06/28/2025 | 1 | 342.7302 NYA | NLS-2699 | 01/26/2026 | 06/28/2025 | Book | 01/21/2026 |
